La lengua de los camaleones : (Registro nro. 31007)
[ vista simple ]
| 000 -LEADER | |
|---|---|
| fixed length control field | 00784nam a22002297a 4500 |
| 003 - CONTROL NUMBER IDENTIFIER | |
| control field | OSt |
| 005 - DATE AND TIME OF LATEST TRANSACTION | |
| control field | 20250612154016.0 |
| 008 - FIXED-LENGTH DATA ELEMENTS--GENERAL INFORMATION | |
| fixed length control field | 250612b |||a|||| |||| 00| 0 spa d |
| 020 ## - INTERNATIONAL STANDARD BOOK NUMBER | |
| International Standard Book Number | 9789588424620 |
| 037 ## - SOURCE OF ACQUISITION | |
| Source of stock number/acquisition | Donación |
| 040 ## - CATALOGING SOURCE | |
| Original cataloging agency | CO-JMCR |
| Language of cataloging | spa |
| Transcribing agency | CO-JMCR |
| Description conventions | rda |
| Modifying agency | CO-JMCR |
| 041 0# - LANGUAGE CODE | |
| Language code of text/sound track or separate title | spa |
| 082 04 - DEWEY DECIMAL CLASSIFICATION NUMBER | |
| Classification number | 323.2 |
| Item number | A13l |
| Edition number | 23 |
| 100 1# - MAIN ENTRY--PERSONAL NAME | |
| Personal name | Abella Soto, Ramiro. |
| 9 (RLIN) | 44166 |
| 245 13 - TITLE STATEMENT | |
| Title | La lengua de los camaleones : |
| Remainder of title | Crónicas de la revolución sandinista, narradas por un boyacense |
| Statement of responsibility, etc. | Ramiro Abella Soto |
| 264 ## - PRODUCTION, PUBLICATION, DISTRIBUTION, MANUFACTURE, AND COPYRIGHT NOTICE | |
| Place of production, publication, distribution, manufacture | Tunja : |
| Name of producer, publisher, distributor, manufacturer | Academia Boyacense de Historia, |
| Date of production, publication, distribution, manufacture, or copyright notice | 2022. |
| 300 ## - PHYSICAL DESCRIPTION | |
| Extent | 318 páginas: |
| Other physical details | ilustraciones; |
| Dimensions | 24 cm. |
| 338 ## - CARRIER TYPE | |
| Carrier type term | volumen |
| Carrier type code | nc [ |
| Source | rdacarrier] |
| 490 0# - SERIES STATEMENT | |
| Series statement | Colección Ruta del Bicentenario |
| 700 1# - ADDED ENTRY--PERSONAL NAME | |
| Personal name | Barrera Martínez, Carlos H. |
| Relator term | editor |
| 9 (RLIN) | 44167 |
| 942 ## - ADDED ENTRY ELEMENTS (KOHA) | |
| Source of classification or shelving scheme | Dewey Decimal Classification |
| Koha item type | Books |
| Withdrawn status | Lost status | Source of classification or shelving scheme | Damaged status | Not for loan | Collection code | Home library | Current library | Shelving location | Date acquired | Source of acquisition | Total Checkouts | Full call number | Barcode | Date last seen | Copy number | Price effective from | Koha item type |
|---|---|---|---|---|---|---|---|---|---|---|---|---|---|---|---|---|---|
| Dewey Decimal Classification | Non-fiction | Biblioteca Pública José María del Castillo y Rada | Biblioteca Pública José María del Castillo y Rada | Book Cart | 06/09/2025 | Donación | 323.2 A13l | 201812506 | 06/12/2025 | Ej.1 | 06/12/2025 | Books |